Szczegóły MARC21

Ekonomiczne Problemy Turystyki /

001 -Numer kontrolny rekordu [,]
    • @
    • pole kontrolne
    • zz2003903612
005 -Data i czas ostatniej zmiany [,]
    • @
    • Data ostatniej zmiany
    • 20260411173120.0
022 -Międzynarodowy Znormalizowany Numer Wydawnictwa Ciągłego - ISSN [ , ]
    • a
    • International Standard Serial Number
    • 1644-0501
035 -Inne numery kontrolne [ , ]
    • a
    • Numer kontrolny
    • (OCoLC)1424027094
040 -Instytucja sporządzająca opis [ , ]
    • a
    • Instytucja, która sporządziła opis (NP)
    • KR U/MBK
    • c
    • Instytucja, która sporządziła rekord (NP)
    • KR U/MBK
    • d
    • Instytucja, która zmodyfikowała rekord (P)
    • KR U/EN
    • d
    • Instytucja, która zmodyfikowała rekord (P)
    • KR U/MBKs
    • d
    • Instytucja, która zmodyfikowała rekord (P)
    • POZN U/AW
    • d
    • Instytucja, która zmodyfikowała rekord (P)
    • KIEL 010/ES
    • d
    • Instytucja, która zmodyfikowała rekord (P)
    • LUBL U/AW
    • d
    • Instytucja, która zmodyfikowała rekord (P)
    • LUBL U/TZ
    • d
    • Instytucja, która zmodyfikowała rekord (P)
    • KR U/BK
    • d
    • Instytucja, która zmodyfikowała rekord (P)
    • TOR U/WS
    • d
    • Instytucja, która zmodyfikowała rekord (P)
    • POZN U/OBs
041 -Język dokumentu [0, ]
    • a
    • Język tekstu (P)
    • polski
    • b
    • Język streszczeń(P)
    • angielski
942 -Rodzaj dokumentu [ , ]
    • c
    • Rodzaj dokumentu
    • Wydaw. ciągłe w tym czasopisma
998 -Inne dane NUKAT [ , ]
    • a
    • Numer systemowy
    • vtls000108110
210 -Skrót tytułu [1, ]
    • a
    • Skrót tytułu
    • Ekonom. Probl. Tur.
222 -Tytuł kluczowy [ ,0]
    • a
    • Tytuł kluczowy
    • Ekonomiczne Problemy Turystyki
245 -Strefa tytułu i oznaczenia odpowiedzialności [0,0]
    • a
    • Tytuł
    • Ekonomiczne Problemy Turystyki /
    • c
    • Pozostałe elementy strefy tytułu i oznaczenia odpowiedzialności (NP)
    • Uniwersytet Szczeciński.
246 -Wariant tytułu [1,3]
    • a
    • Tytuł (NP)
    • Economic Problems of Tourism
260 -Strefa adresu wydawniczego [ , ]
    • a
    • Miejsce wydania (P)
    • Szczecin :
    • b
    • Nazwa wydawcy (P)
    • Wydawnictwo US,
    • c
    • Data wydania (P)
    • 2002-.
830 -Hasło dodatkowe serii i opisu książki wielotomowej - tytuł ujednolicony/tytuł [ ,0]
    • a
    • Tytuł ujednolicony/tytuł (NP)
    • Zeszyty Naukowe - Uniwersytet Szczeciński
    • x
    • ISSN
    • 1640-6818
300 -Strefa opisu fizycznego [ , ]
    • c
    • Format (NP)
    • 24 cm.
310 -Częstotliwość [ , ]
    • a
    • Częstotliwość
    • Kwart.,
321 -Poprzednia częstotliwość [ , ]
    • a
    • Poprzednia częstotliwość
    • Niereg.,
    • b
    • Daty występowania poprzedniej częstotliwości
    • 2002-2011
336 -Typ zawartości [ , ]
    • a
    • Termin opisujący typ zawartości
    • Tekst
    • b
    • Typ/rodzaj nośnika
    • txt
    • 2
    • Źródło (termin i kod)
    • rdacontent
337 -Typ mediów [ , ]
    • a
    • Tryb odtwarzania
    • Bez urządzenia pośredniczącego
    • b
    • Kod typu mediów
    • n
    • 2
    • Źródło (termin i kod)
    • rdamedia
338 -Typ/rodzaj nośnika [ , ]
    • a
    • Hasło opisujące typ nośnika
    • Wolumin
    • b
    • Kod typu nośnika
    • nc
    • 2
    • Źródło (termin i kod)
    • rdacarrier
362 -Strefa numeracji [0, ]
    • a
    • Strefa numeracji
    • Nr 1-.
490 -Strefa serii i książki wielotomowej - forma nie do wyszukiwania [1, ]
    • a
    • Tytuł (P)
    • Zeszyty Naukowe / Uniwersytet Szczeciński
500 -Uwaga ogólna [ , ]
    • a
    • Uwaga ogólna (NP)
    • Nr 1 = og. zb. ZN nr 332 ; Nr 16= og. zb. ZN nr 627.
500 -Uwaga ogólna [ , ]
    • a
    • Uwaga ogólna (NP)
    • Od 2016, nr 1 brak numeracji serii głównej.
500 -Uwaga ogólna [ , ]
    • a
    • Uwaga ogólna (NP)
    • Nr ISSN dla tyt. ang.: 2299-2189 (nieużywany przez wydawnictwo).
530 -Uwaga dot. innej postaci fizycznej dokumentu [ , ]
    • a
    • Uwaga dot. innej postaci fizycznej dokumentu
    • Dostępne również w postaci elektronicznej.
546 -Uwaga dot. języka [ , ]
    • a
    • Uwaga dot. języka
    • Streszcz. ang.
650 -Hasło przedmiotowe - nazwa pospolita [ ,7]
    • a
    • Hasło przedmiotowe
    • Turystyka
650 -Hasło przedmiotowe - nazwa pospolita [ ,7]
    • a
    • Hasło przedmiotowe
    • Turystyka
    • x
    • Określnik rzeczowy
    • aspekt ekonomiczny
650 -Hasło przedmiotowe - nazwa pospolita [ ,7]
    • a
    • Hasło przedmiotowe
    • Marketing turystyczny
    • y
    • Określnik chronologiczny
    • 1990-
650 -Hasło przedmiotowe - nazwa pospolita [ ,7]
    • a
    • Hasło przedmiotowe
    • Marketing turystyczny
    • z
    • Określnik geograficzny
    • Polska
    • y
    • Określnik chronologiczny
    • 1990-
650 -Hasło przedmiotowe - nazwa pospolita [ ,7]
    • a
    • Hasło przedmiotowe
    • Turystyka
    • x
    • Określnik rzeczowy
    • aspekt ekonomiczny
    • z
    • Określnik geograficzny
    • Polska
    • y
    • Określnik chronologiczny
    • 1990-
655 -INDEX TERM--GENRE/FORM [ ,7]
    • a
    • Genre/form data or focus term
    • Czasopismo ekonomiczne
655 -INDEX TERM--GENRE/FORM [ ,7]
    • a
    • Genre/form data or focus term
    • Czasopismo naukowe
655 -INDEX TERM--GENRE/FORM [ ,7]
    • a
    • Genre/form data or focus term
    • Czasopismo polskie
655 -INDEX TERM--GENRE/FORM [ ,7]
    • a
    • Genre/form data or focus term
    • Czasopisma naukowe
    • z
    • Geographic subdivision
    • Polska
    • z
    • Geographic subdivision
    • Szczecin
655 -INDEX TERM--GENRE/FORM [ ,7]
    • a
    • Genre/form data or focus term
    • Czasopisma polskie
    • z
    • Geographic subdivision
    • Polska
    • z
    • Geographic subdivision
    • Szczecin
710 -Hasło dodatkowe - nazwa ciała zbiorowego [2, ]
    • a
    • Nazwa ciała zbiorowego lub nazwa geograficzna jako pierwszy element (NP)
    • Uniwersytet Szczeciński.
710 -Hasło dodatkowe - nazwa ciała zbiorowego [2, ]
    • a
    • Nazwa ciała zbiorowego lub nazwa geograficzna jako pierwszy element (NP)
    • Uniwersytet Szczeciński.
    • b
    • Nazwa jednostki podrzędnej (P)
    • Wydawnictwo Naukowe.
    • 4
    • Określenie rodzaju współpracy
    • pbl
856 -Lokalizacja i sposób dostępu do dokumentu elektronicznego [4,1]
    • u
    • URI
    • http://www.wnus.edu.pl/ept
952 -Egzemplarz [ , ]
    • c
    • Sygnatura
    • Cg.30237
    • d
    • Lokalizacja
    • BG Dział Udostępniania Biblioteka Główna
    • i
    • Nr tomu wydaw.cg
    • Nr 1 (2002)
    • y
    • Status udostępniania
    • Tylko na miejscu
952 -Egzemplarz [ , ]
    • c
    • Sygnatura
    • Cg.30237
    • d
    • Lokalizacja
    • BG Dział Udostępniania Biblioteka Główna
    • i
    • Nr tomu wydaw.cg
    • Nr 2 (2002)
    • y
    • Status udostępniania
    • Tylko na miejscu
952 -Egzemplarz [ , ]
    • c
    • Sygnatura
    • Cg.30237
    • d
    • Lokalizacja
    • BG Dział Udostępniania Biblioteka Główna
    • i
    • Nr tomu wydaw.cg
    • Nr 4 (2005)
    • y
    • Status udostępniania
    • Tylko na miejscu
952 -Egzemplarz [ , ]
    • c
    • Sygnatura
    • Cg.30237
    • d
    • Lokalizacja
    • BG Dział Udostępniania Biblioteka Główna
    • i
    • Nr tomu wydaw.cg
    • Nr 5 (2005)
    • y
    • Status udostępniania
    • Tylko na miejscu
952 -Egzemplarz [ , ]
    • c
    • Sygnatura
    • Tc.1324
    • d
    • Lokalizacja
    • T Biblioteka Kampusowa Cukrowa EFZ
    • i
    • Nr tomu wydaw.cg
    • Nr 1 (2002).
    • y
    • Status udostępniania
    • Tylko na miejscu
952 -Egzemplarz [ , ]
    • c
    • Sygnatura
    • Tc.1324
    • d
    • Lokalizacja
    • T Biblioteka Kampusowa Cukrowa EFZ
    • i
    • Nr tomu wydaw.cg
    • Nr 1 (2002).
    • y
    • Status udostępniania
    • Tylko na miejscu
952 -Egzemplarz [ , ]
    • c
    • Sygnatura
    • Tc.1324
    • d
    • Lokalizacja
    • T Biblioteka Kampusowa Cukrowa EFZ
    • i
    • Nr tomu wydaw.cg
    • Nr 5 (2005).
    • y
    • Status udostępniania
    • Tylko na miejscu
952 -Egzemplarz [ , ]
    • c
    • Sygnatura
    • Tc.1324
    • d
    • Lokalizacja
    • T Biblioteka Kampusowa Cukrowa EFZ
    • i
    • Nr tomu wydaw.cg
    • Nr 5 (2005).
    • y
    • Status udostępniania
    • Tylko na miejscu
952 -Egzemplarz [ , ]
    • c
    • Sygnatura
    • Tc.1324
    • d
    • Lokalizacja
    • T Biblioteka Kampusowa Cukrowa EFZ
    • i
    • Nr tomu wydaw.cg
    • Nr 5 (2005).
    • y
    • Status udostępniania
    • Tylko na miejscu
952 -Egzemplarz [ , ]
    • c
    • Sygnatura
    • Tc.1324
    • d
    • Lokalizacja
    • T Biblioteka Kampusowa Cukrowa EFZ
    • i
    • Nr tomu wydaw.cg
    • Nr 6 (2006)
    • y
    • Status udostępniania
    • Tylko na miejscu
952 -Egzemplarz [ , ]
    • c
    • Sygnatura
    • Tc.1324
    • d
    • Lokalizacja
    • T Biblioteka Kampusowa Cukrowa EFZ
    • i
    • Nr tomu wydaw.cg
    • Nr 10 (2008)
    • y
    • Status udostępniania
    • Tylko na miejscu
952 -Egzemplarz [ , ]
    • c
    • Sygnatura
    • Tc.1324
    • d
    • Lokalizacja
    • T Biblioteka Kampusowa Cukrowa EFZ
    • i
    • Nr tomu wydaw.cg
    • Nr 11 (2009)
    • y
    • Status udostępniania
    • Tylko na miejscu
952 -Egzemplarz [ , ]
    • c
    • Sygnatura
    • Tc.1324
    • d
    • Lokalizacja
    • T Biblioteka Kampusowa Cukrowa EFZ
    • i
    • Nr tomu wydaw.cg
    • Nr 13 (2010)
    • y
    • Status udostępniania
    • Tylko na miejscu
952 -Egzemplarz [ , ]
    • c
    • Sygnatura
    • Tc.1324
    • d
    • Lokalizacja
    • T Biblioteka Kampusowa Cukrowa EFZ
    • i
    • Nr tomu wydaw.cg
    • Nr 16 (2011)
    • y
    • Status udostępniania
    • Tylko na miejscu
952 -Egzemplarz [ , ]
    • c
    • Sygnatura
    • Ec.49775
    • d
    • Lokalizacja
    • BE Biblioteka Ekonomiczna
    • i
    • Nr tomu wydaw.cg
    • Nr 1 ; 17 (2012)
    • y
    • Status udostępniania
    • Tylko na miejscu
952 -Egzemplarz [ , ]
    • c
    • Sygnatura
    • Ec.49775
    • d
    • Lokalizacja
    • BE Biblioteka Ekonomiczna
    • i
    • Nr tomu wydaw.cg
    • Nr 2-3 ; 22-23 (2013)
    • y
    • Status udostępniania
    • Tylko na miejscu
952 -Egzemplarz [ , ]
    • c
    • Sygnatura
    • Tc.1324
    • d
    • Lokalizacja
    • T Biblioteka Kampusowa Cukrowa EFZ
    • i
    • Nr tomu wydaw.cg
    • Nr 2 (2002)
    • y
    • Status udostępniania
    • Tylko na miejscu
952 -Egzemplarz [ , ]
    • c
    • Sygnatura
    • Cg.30237
    • d
    • Lokalizacja
    • BG Dział Udostępniania Biblioteka Główna
    • i
    • Nr tomu wydaw.cg
    • Nr 1-2 ; 45-46 (2019)
    • y
    • Status udostępniania
    • Tylko na miejscu
952 -Egzemplarz [ , ]
    • c
    • Sygnatura
    • Tc.1324
    • d
    • Lokalizacja
    • T Biblioteka Kampusowa Cukrowa EFZ
    • i
    • Nr tomu wydaw.cg
    • Nr 1-2 ; 45-46 (2019)
    • y
    • Status udostępniania
    • Tylko na miejscu
952 -Egzemplarz [ , ]
    • c
    • Sygnatura
    • Tc.1324
    • d
    • Lokalizacja
    • T Biblioteka Kampusowa Cukrowa EFZ
    • i
    • Nr tomu wydaw.cg
    • Nr 3 (2003)
    • y
    • Status udostępniania
    • Tylko na miejscu
952 -Egzemplarz [ , ]
    • a
    • Numer inwentarzowy
    • W.206843
    • c
    • Sygnatura
    • 206843
    • d
    • Lokalizacja
    • BG Dział Udostępniania Biblioteka Główna
    • i
    • Nr tomu wydaw.cg
    • Nr 1 (2002)
    • p
    • Kod kreskowy
    • 2000102068432
    • v
    • Data wprowadzenia opisu
    • 2024-04-05
    • y
    • Status udostępniania
    • miesięczne
952 -Egzemplarz [ , ]
    • a
    • Numer inwentarzowy
    • W.206844
    • c
    • Sygnatura
    • W.206843
    • d
    • Lokalizacja
    • BG Dział Udostępniania Biblioteka Główna
    • i
    • Nr tomu wydaw.cg
    • Nr 1 (2002)
    • p
    • Kod kreskowy
    • 2000102068449
    • v
    • Data wprowadzenia opisu
    • 2024-04-05
    • y
    • Status udostępniania
    • miesięczne
952 -Egzemplarz [ , ]
    • a
    • Numer inwentarzowy
    • TM.5927
    • c
    • Sygnatura
    • TM.5927
    • d
    • Lokalizacja
    • T Biblioteka Kampusowa Cukrowa EFZ
    • e
    • Akcesja
    • 07k127a/46
    • i
    • Nr tomu wydaw.cg
    • Nr 8 (2007)
    • p
    • Kod kreskowy
    • 2001300059277
    • r
    • Cena
    • 45.00
    • v
    • Data wprowadzenia opisu
    • 2008-04-10
    • w
    • Data inwentaryzacji
    • 2008-10-10
    • y
    • Status udostępniania
    • Zaginiona
    • z
    • Sposób nabycia
    • kupno zwarte
    • g
    • Ubytek
    • 6/2025-02-26
952 -Egzemplarz [ , ]
    • a
    • Numer inwentarzowy
    • TM.5939
    • c
    • Sygnatura
    • TM.5939
    • d
    • Lokalizacja
    • T Biblioteka Kampusowa Cukrowa EFZ
    • e
    • Akcesja
    • 08d120a/10
    • i
    • Nr tomu wydaw.cg
    • Nr 8 (2007)
    • p
    • Kod kreskowy
    • 2001300059390
    • r
    • Cena
    • 30.00
    • v
    • Data wprowadzenia opisu
    • 2008-03-03
    • w
    • Data inwentaryzacji
    • 2008-10-14
    • y
    • Status udostępniania
    • Zaginiona
    • z
    • Sposób nabycia
    • dary zwarte
    • g
    • Ubytek
    • 6/2025-02-26
952 -Egzemplarz [ , ]
    • a
    • Numer inwentarzowy
    • Cg.38225
    • c
    • Sygnatura
    • Cg.30237
    • d
    • Lokalizacja
    • BG Dział Udostępniania Biblioteka Główna
    • i
    • Nr tomu wydaw.cg
    • Nr 1-2 ; 41-42 (2018)
    • p
    • Kod kreskowy
    • 2003000382259
    • r
    • Cena
    • 0.00
    • y
    • Status udostępniania
    • Tylko na miejscu
952 -Egzemplarz [ , ]
    • a
    • Numer inwentarzowy
    • Cg.38226
    • c
    • Sygnatura
    • Cg.30237
    • d
    • Lokalizacja
    • BG Dział Udostępniania Biblioteka Główna
    • i
    • Nr tomu wydaw.cg
    • Nr 3-4 ; 43-44 (2018)
    • p
    • Kod kreskowy
    • 2003000382266
    • r
    • Cena
    • 0.00
    • v
    • Data wprowadzenia opisu
    • 2025-01-08
    • y
    • Status udostępniania
    • Tylko na miejscu
952 -Egzemplarz [ , ]
    • a
    • Numer inwentarzowy
    • Cg.37876
    • c
    • Sygnatura
    • Cg.30237
    • d
    • Lokalizacja
    • BG Dział Udostępniania Biblioteka Główna
    • i
    • Nr tomu wydaw.cg
    • Nr 1-2 ; 37-38 (2017)
    • p
    • Kod kreskowy
    • 2003000378764
    • r
    • Cena
    • 0.00
    • y
    • Status udostępniania
    • Tylko na miejscu
952 -Egzemplarz [ , ]
    • a
    • Numer inwentarzowy
    • Cg.37877
    • c
    • Sygnatura
    • Cg.30237
    • d
    • Lokalizacja
    • BG Dział Udostępniania Biblioteka Główna
    • i
    • Nr tomu wydaw.cg
    • Nr 3-4 ; 39-40 (2017)
    • p
    • Kod kreskowy
    • 2003000378771
    • r
    • Cena
    • 0.00
    • v
    • Data wprowadzenia opisu
    • 2025-01-08
    • y
    • Status udostępniania
    • Tylko na miejscu
952 -Egzemplarz [ , ]
    • a
    • Numer inwentarzowy
    • Cg.37250
    • c
    • Sygnatura
    • Cg.30237
    • d
    • Lokalizacja
    • BG Dział Udostępniania Biblioteka Główna
    • i
    • Nr tomu wydaw.cg
    • Nr 1-2 ; 33-34 (2016)
    • p
    • Kod kreskowy
    • 2003000372502
    • r
    • Cena
    • 0.00
    • y
    • Status udostępniania
    • Tylko na miejscu
952 -Egzemplarz [ , ]
    • a
    • Numer inwentarzowy
    • Cg.37251
    • c
    • Sygnatura
    • Cg.30237
    • d
    • Lokalizacja
    • BG Dział Udostępniania Biblioteka Główna
    • p
    • Kod kreskowy
    • 2003000372519
    • r
    • Cena
    • 0.00
    • v
    • Data wprowadzenia opisu
    • 2025-01-08
    • y
    • Status udostępniania
    • Tylko na miejscu
952 -Egzemplarz [ , ]
    • a
    • Numer inwentarzowy
    • Cg.37248
    • c
    • Sygnatura
    • Cg.30237
    • d
    • Lokalizacja
    • BG Dział Udostępniania Biblioteka Główna
    • i
    • Nr tomu wydaw.cg
    • Nr 1-2 ; 29-30 (2015)
    • p
    • Kod kreskowy
    • 2003000372489
    • r
    • Cena
    • 0.00
    • y
    • Status udostępniania
    • Tylko na miejscu
952 -Egzemplarz [ , ]
    • a
    • Numer inwentarzowy
    • Cg.37249
    • c
    • Sygnatura
    • Cg.30237
    • d
    • Lokalizacja
    • BG Dział Udostępniania Biblioteka Główna
    • i
    • Nr tomu wydaw.cg
    • Nr 3-4 ; 31-32 (2015)
    • p
    • Kod kreskowy
    • 2003000372496
    • r
    • Cena
    • 0.00
    • v
    • Data wprowadzenia opisu
    • 2025-01-08
    • y
    • Status udostępniania
    • Tylko na miejscu
952 -Egzemplarz [ , ]
    • a
    • Numer inwentarzowy
    • Tc.3122
    • c
    • Sygnatura
    • Tc.3122
    • d
    • Lokalizacja
    • T Biblioteka Kampusowa Cukrowa EFZ
    • i
    • Nr tomu wydaw.cg
    • Nr 1-4 (17-20) (2012)
    • p
    • Kod kreskowy
    • 2004200031220
    • r
    • Cena
    • 0.00
    • v
    • Data wprowadzenia opisu
    • 2025-01-29
    • y
    • Status udostępniania
    • Tylko na miejscu
952 -Egzemplarz [ , ]
    • a
    • Numer inwentarzowy
    • Tc.3717
    • c
    • Sygnatura
    • Tc.3122
    • d
    • Lokalizacja
    • T Biblioteka Kampusowa Cukrowa EFZ
    • i
    • Nr tomu wydaw.cg
    • Nr 1-4 (21-24) (2013)
    • p
    • Kod kreskowy
    • 2004200037178
    • r
    • Cena
    • 0.00
    • v
    • Data wprowadzenia opisu
    • 2025-01-29
    • y
    • Status udostępniania
    • Tylko na miejscu
952 -Egzemplarz [ , ]
    • a
    • Numer inwentarzowy
    • Tc.3718
    • c
    • Sygnatura
    • Tc.3122
    • d
    • Lokalizacja
    • T Biblioteka Kampusowa Cukrowa EFZ
    • i
    • Nr tomu wydaw.cg
    • Nr 1-4 (25-28) (2014)
    • p
    • Kod kreskowy
    • 2004200037185
    • r
    • Cena
    • 0.00
    • v
    • Data wprowadzenia opisu
    • 2025-01-29
    • y
    • Status udostępniania
    • Tylko na miejscu
952 -Egzemplarz [ , ]
    • a
    • Numer inwentarzowy
    • Tc.3719
    • c
    • Sygnatura
    • Tc.3122
    • d
    • Lokalizacja
    • T Biblioteka Kampusowa Cukrowa EFZ
    • i
    • Nr tomu wydaw.cg
    • Nr 1-4 (29-32) (2015)
    • p
    • Kod kreskowy
    • 2004200037192
    • r
    • Cena
    • 0.00
    • v
    • Data wprowadzenia opisu
    • 2025-01-29
    • y
    • Status udostępniania
    • Tylko na miejscu
952 -Egzemplarz [ , ]
    • a
    • Numer inwentarzowy
    • Tc.3878
    • c
    • Sygnatura
    • Tc.3122
    • d
    • Lokalizacja
    • T Biblioteka Kampusowa Cukrowa EFZ
    • i
    • Nr tomu wydaw.cg
    • Nr 1-4 (33-36) (2016)
    • p
    • Kod kreskowy
    • 2004200038786
    • r
    • Cena
    • 0.00
    • v
    • Data wprowadzenia opisu
    • 2025-01-29
    • y
    • Status udostępniania
    • Tylko na miejscu
952 -Egzemplarz [ , ]
    • a
    • Numer inwentarzowy
    • Tc.4020
    • c
    • Sygnatura
    • Tc.3122
    • d
    • Lokalizacja
    • T Biblioteka Kampusowa Cukrowa EFZ
    • i
    • Nr tomu wydaw.cg
    • Nr 1-4 (37-40) (2017)
    • p
    • Kod kreskowy
    • 2004200040208
    • r
    • Cena
    • 0.00
    • v
    • Data wprowadzenia opisu
    • 2025-01-29
    • y
    • Status udostępniania
    • Tylko na miejscu
952 -Egzemplarz [ , ]
    • a
    • Numer inwentarzowy
    • Tc.4228
    • c
    • Sygnatura
    • Tc.3122
    • d
    • Lokalizacja
    • T Biblioteka Kampusowa Cukrowa EFZ
    • i
    • Nr tomu wydaw.cg
    • Nr 1-4 (41-44) (2018)
    • p
    • Kod kreskowy
    • 2004200042288
    • r
    • Cena
    • 0.00
    • v
    • Data wprowadzenia opisu
    • 2025-01-29
    • y
    • Status udostępniania
    • Tylko na miejscu
952 -Egzemplarz [ , ]
    • a
    • Numer inwentarzowy
    • Ec.49775
    • c
    • Sygnatura
    • Ec.49775
    • d
    • Lokalizacja
    • BE Biblioteka Ekonomiczna
    • i
    • Nr tomu wydaw.cg
    • Nr 1 (2002)
    • p
    • Kod kreskowy
    • 2003200497753
    • r
    • Cena
    • 0.00
    • y
    • Status udostępniania
    • Tylko na miejscu
952 -Egzemplarz [ , ]
    • a
    • Numer inwentarzowy
    • Ec.51353
    • c
    • Sygnatura
    • Ec.49775
    • d
    • Lokalizacja
    • BE Biblioteka Ekonomiczna
    • i
    • Nr tomu wydaw.cg
    • Nr 4 (2004)
    • p
    • Kod kreskowy
    • 2003200513538
    • r
    • Cena
    • 0.00
    • y
    • Status udostępniania
    • Tylko na miejscu
952 -Egzemplarz [ , ]
    • a
    • Numer inwentarzowy
    • Ec.50131
    • c
    • Sygnatura
    • Ec.49775
    • d
    • Lokalizacja
    • BE Biblioteka Ekonomiczna
    • i
    • Nr tomu wydaw.cg
    • Nr 2 (2002)
    • p
    • Kod kreskowy
    • 2003200501313
    • r
    • Cena
    • 0.00
    • y
    • Status udostępniania
    • Tylko na miejscu
952 -Egzemplarz [ , ]
    • a
    • Numer inwentarzowy
    • Ec.51423
    • c
    • Sygnatura
    • Ec.49775
    • d
    • Lokalizacja
    • BE Biblioteka Ekonomiczna
    • i
    • Nr tomu wydaw.cg
    • Nr 5 (2005)
    • p
    • Kod kreskowy
    • 2003200514238
    • r
    • Cena
    • 0.00
    • y
    • Status udostępniania
    • Tylko na miejscu
952 -Egzemplarz [ , ]
    • a
    • Numer inwentarzowy
    • Ec.54016
    • c
    • Sygnatura
    • Ec.49775
    • d
    • Lokalizacja
    • BE Biblioteka Ekonomiczna
    • i
    • Nr tomu wydaw.cg
    • Nr 11 (2009)
    • p
    • Kod kreskowy
    • 2003200540169
    • r
    • Cena
    • 0.00
    • y
    • Status udostępniania
    • Tylko na miejscu
952 -Egzemplarz [ , ]
    • c
    • Sygnatura
    • Ec.49775
    • d
    • Lokalizacja
    • BE Biblioteka Ekonomiczna
    • i
    • Nr tomu wydaw.cg
    • Nr 1 ; 29 (2015)
    • y
    • Status udostępniania
    • Tylko na miejscu
952 -Egzemplarz [ , ]
    • a
    • Numer inwentarzowy
    • Ec.53430
    • c
    • Sygnatura
    • Ec.49775
    • d
    • Lokalizacja
    • BE Biblioteka Ekonomiczna
    • e
    • Akcesja
    • 11d167a/3
    • i
    • Nr tomu wydaw.cg
    • Nr 15 (2011)
    • p
    • Kod kreskowy
    • 2003200534304
    • r
    • Cena
    • 25.00
    • v
    • Data wprowadzenia opisu
    • 2011-02-22
    • w
    • Data inwentaryzacji
    • 2011-04-15
    • y
    • Status udostępniania
    • Tylko na miejscu
952 -Egzemplarz [ , ]
    • a
    • Numer inwentarzowy
    • Tc.2844
    • c
    • Sygnatura
    • Tc.1324
    • d
    • Lokalizacja
    • T Biblioteka Kampusowa Cukrowa EFZ
    • e
    • Akcesja
    • 11d167a/3
    • i
    • Nr tomu wydaw.cg
    • Nr 15 (2011)
    • p
    • Kod kreskowy
    • 2004200028442
    • r
    • Cena
    • 25.00
    • v
    • Data wprowadzenia opisu
    • 2011-02-22
    • w
    • Data inwentaryzacji
    • 2011-04-15
    • y
    • Status udostępniania
    • Nocne
952 -Egzemplarz [ , ]
    • a
    • Numer inwentarzowy
    • Cg.33950
    • c
    • Sygnatura
    • Cg.30237(Pdc)
    • d
    • Lokalizacja
    • BG Dział Udostępniania Biblioteka Główna
    • e
    • Akcesja
    • 10d373a/4
    • i
    • Nr tomu wydaw.cg
    • Nr 14 (2010)
    • p
    • Kod kreskowy
    • 2003000339505
    • r
    • Cena
    • 27.00
    • v
    • Data wprowadzenia opisu
    • 2010-05-28
    • w
    • Data inwentaryzacji
    • 2010-09-09
    • y
    • Status udostępniania
    • Tylko na miejscu
952 -Egzemplarz [ , ]
    • a
    • Numer inwentarzowy
    • TM.7500
    • d
    • Lokalizacja
    • T Biblioteka Kampusowa Cukrowa EFZ
    • e
    • Akcesja
    • 10d530a/2
    • i
    • Nr tomu wydaw.cg
    • Nr 14 (2010)
    • p
    • Kod kreskowy
    • 2001300075000
    • r
    • Cena
    • 27.00
    • v
    • Data wprowadzenia opisu
    • 2010-10-04
    • w
    • Data inwentaryzacji
    • 2010-11-16
    • y
    • Status udostępniania
    • krótkoterminowe
952 -Egzemplarz [ , ]
    • a
    • Numer inwentarzowy
    • TM.7501
    • d
    • Lokalizacja
    • T Biblioteka Kampusowa Cukrowa EFZ
    • e
    • Akcesja
    • 10d530a/2
    • i
    • Nr tomu wydaw.cg
    • Nr 14 (2010)
    • p
    • Kod kreskowy
    • 2001300075017
    • r
    • Cena
    • 27.00
    • v
    • Data wprowadzenia opisu
    • 2010-10-04
    • w
    • Data inwentaryzacji
    • 2010-11-16
    • y
    • Status udostępniania
    • miesięczne
952 -Egzemplarz [ , ]
    • a
    • Numer inwentarzowy
    • TM.7995
    • d
    • Lokalizacja
    • T Biblioteka Kampusowa Cukrowa EFZ
    • e
    • Akcesja
    • 10d676a/3
    • i
    • Nr tomu wydaw.cg
    • Nr 14 (2010)
    • p
    • Kod kreskowy
    • 2001300079954
    • r
    • Cena
    • 27.00
    • v
    • Data wprowadzenia opisu
    • 2010-12-10
    • w
    • Data inwentaryzacji
    • 2011-04-15
    • y
    • Status udostępniania
    • miesięczne
952 -Egzemplarz [ , ]
    • a
    • Numer inwentarzowy
    • TM.8002
    • d
    • Lokalizacja
    • T Biblioteka Kampusowa Cukrowa EFZ
    • e
    • Akcesja
    • 11d469/1
    • i
    • Nr tomu wydaw.cg
    • Nr 14 (2010)
    • p
    • Kod kreskowy
    • 2001300080028
    • r
    • Cena
    • 27.00
    • v
    • Data wprowadzenia opisu
    • 2011-08-18
    • w
    • Data inwentaryzacji
    • 2011-08-19
    • y
    • Status udostępniania
    • miesięczne
952 -Egzemplarz [ , ]
    • a
    • Numer inwentarzowy
    • Tc.2810
    • c
    • Sygnatura
    • Tc.1324
    • d
    • Lokalizacja
    • T Biblioteka Kampusowa Cukrowa EFZ
    • e
    • Akcesja
    • 10d373a/4
    • i
    • Nr tomu wydaw.cg
    • Nr 14 (2010)
    • p
    • Kod kreskowy
    • 2004200028107
    • r
    • Cena
    • 27.00
    • v
    • Data wprowadzenia opisu
    • 2010-05-28
    • w
    • Data inwentaryzacji
    • 2010-09-09
    • y
    • Status udostępniania
    • Nocne
952 -Egzemplarz [ , ]
    • a
    • Numer inwentarzowy
    • Ec.53065
    • c
    • Sygnatura
    • Ec.49775
    • d
    • Lokalizacja
    • BE Biblioteka Ekonomiczna
    • e
    • Akcesja
    • 10d139/1
    • i
    • Nr tomu wydaw.cg
    • Nr 12 (2009)
    • p
    • Kod kreskowy
    • 2003200530658
    • r
    • Cena
    • 35.00
    • v
    • Data wprowadzenia opisu
    • 2010-03-01
    • w
    • Data inwentaryzacji
    • 2010-04-01
    • y
    • Status udostępniania
    • Tylko na miejscu
952 -Egzemplarz [ , ]
    • a
    • Numer inwentarzowy
    • TM.7924
    • d
    • Lokalizacja
    • T Biblioteka Kampusowa Cukrowa EFZ
    • e
    • Akcesja
    • 10d536a/7
    • i
    • Nr tomu wydaw.cg
    • Nr 12 (2009)
    • p
    • Kod kreskowy
    • 2001300079244
    • r
    • Cena
    • 35.00
    • v
    • Data wprowadzenia opisu
    • 2010-10-06
    • w
    • Data inwentaryzacji
    • 2011-02-03
    • y
    • Status udostępniania
    • miesięczne
952 -Egzemplarz [ , ]
    • a
    • Numer inwentarzowy
    • TM.8663
    • d
    • Lokalizacja
    • T Biblioteka Kampusowa Cukrowa EFZ
    • e
    • Akcesja
    • 12d343/1
    • i
    • Nr tomu wydaw.cg
    • Nr 12 (2009)
    • p
    • Kod kreskowy
    • 2001300086631
    • r
    • Cena
    • 35.00
    • v
    • Data wprowadzenia opisu
    • 2012-06-28
    • w
    • Data inwentaryzacji
    • 2012-07-11
    • y
    • Status udostępniania
    • miesięczne
952 -Egzemplarz [ , ]
    • a
    • Numer inwentarzowy
    • Tc.2672
    • c
    • Sygnatura
    • Tc.1324
    • d
    • Lokalizacja
    • T Biblioteka Kampusowa Cukrowa EFZ
    • e
    • Akcesja
    • 10d139/1
    • i
    • Nr tomu wydaw.cg
    • Nr 12 (2009)
    • p
    • Kod kreskowy
    • 2004200026721
    • r
    • Cena
    • 35.00
    • v
    • Data wprowadzenia opisu
    • 2010-03-01
    • w
    • Data inwentaryzacji
    • 2010-04-01
    • y
    • Status udostępniania
    • Nocne
952 -Egzemplarz [ , ]
    • a
    • Numer inwentarzowy
    • Cg.33097
    • c
    • Sygnatura
    • Cg.30237(Pdc)
    • d
    • Lokalizacja
    • BG Dział Udostępniania Biblioteka Główna
    • e
    • Akcesja
    • 07d396/2
    • i
    • Nr tomu wydaw.cg
    • Nr 9 (2007)
    • p
    • Kod kreskowy
    • 2003000330977
    • r
    • Cena
    • 48.00
    • v
    • Data wprowadzenia opisu
    • 2008-04-10
    • w
    • Data inwentaryzacji
    • 2008-10-16
    • y
    • Status udostępniania
    • Tylko na miejscu
952 -Egzemplarz [ , ]
    • a
    • Numer inwentarzowy
    • TM.5928
    • d
    • Lokalizacja
    • T Biblioteka Kampusowa Cukrowa EFZ
    • e
    • Akcesja
    • 07k127a/47
    • i
    • Nr tomu wydaw.cg
    • Nr 9 (2007)
    • p
    • Kod kreskowy
    • 2001300059284
    • r
    • Cena
    • 36.00
    • v
    • Data wprowadzenia opisu
    • 2008-04-10
    • w
    • Data inwentaryzacji
    • 2008-10-10
    • y
    • Status udostępniania
    • krótkoterminowe
952 -Egzemplarz [ , ]
    • a
    • Numer inwentarzowy
    • TM.5932
    • d
    • Lokalizacja
    • T Biblioteka Kampusowa Cukrowa EFZ
    • e
    • Akcesja
    • 08d110a/19
    • i
    • Nr tomu wydaw.cg
    • Nr 9 (2007)
    • p
    • Kod kreskowy
    • 2001300059321
    • r
    • Cena
    • 20.00
    • v
    • Data wprowadzenia opisu
    • 2008-02-25
    • w
    • Data inwentaryzacji
    • 2008-10-13
    • y
    • Status udostępniania
    • miesięczne
952 -Egzemplarz [ , ]
    • a
    • Numer inwentarzowy
    • TM.5942
    • d
    • Lokalizacja
    • T Biblioteka Kampusowa Cukrowa EFZ
    • e
    • Akcesja
    • 08d120a/9
    • i
    • Nr tomu wydaw.cg
    • Nr 9 (2007)
    • p
    • Kod kreskowy
    • 2001300059420
    • r
    • Cena
    • 20.00
    • v
    • Data wprowadzenia opisu
    • 2008-03-03
    • w
    • Data inwentaryzacji
    • 2008-10-14
    • y
    • Status udostępniania
    • miesięczne
952 -Egzemplarz [ , ]
    • a
    • Numer inwentarzowy
    • TM.5941
    • d
    • Lokalizacja
    • T Biblioteka Kampusowa Cukrowa EFZ
    • e
    • Akcesja
    • 08d120a/9
    • i
    • Nr tomu wydaw.cg
    • Nr 9 (2007)
    • p
    • Kod kreskowy
    • 2001300059413
    • r
    • Cena
    • 20.00
    • v
    • Data wprowadzenia opisu
    • 2008-03-03
    • w
    • Data inwentaryzacji
    • 2008-10-14
    • y
    • Status udostępniania
    • miesięczne
952 -Egzemplarz [ , ]
    • a
    • Numer inwentarzowy
    • TM.6429
    • d
    • Lokalizacja
    • T Biblioteka Kampusowa Cukrowa EFZ
    • e
    • Akcesja
    • 08d596/7
    • i
    • Nr tomu wydaw.cg
    • Nr 9 (2007)
    • p
    • Kod kreskowy
    • 2001300064295
    • r
    • Cena
    • 20.00
    • v
    • Data wprowadzenia opisu
    • 2008-10-24
    • w
    • Data inwentaryzacji
    • 2009-02-27
    • y
    • Status udostępniania
    • miesięczne
952 -Egzemplarz [ , ]
    • a
    • Numer inwentarzowy
    • TM.5944
    • d
    • Lokalizacja
    • T Biblioteka Kampusowa Cukrowa EFZ
    • e
    • Akcesja
    • 08d120a/9
    • i
    • Nr tomu wydaw.cg
    • Nr 9 (2007)
    • p
    • Kod kreskowy
    • 2001300059444
    • r
    • Cena
    • 20.00
    • v
    • Data wprowadzenia opisu
    • 2008-03-03
    • w
    • Data inwentaryzacji
    • 2008-10-14
    • y
    • Status udostępniania
    • miesięczne
952 -Egzemplarz [ , ]
    • a
    • Numer inwentarzowy
    • TM.5943
    • d
    • Lokalizacja
    • T Biblioteka Kampusowa Cukrowa EFZ
    • e
    • Akcesja
    • 08d120a/9
    • i
    • Nr tomu wydaw.cg
    • Nr 9 (2007)
    • p
    • Kod kreskowy
    • 2001300059437
    • r
    • Cena
    • 20.00
    • v
    • Data wprowadzenia opisu
    • 2008-03-03
    • w
    • Data inwentaryzacji
    • 2008-10-14
    • y
    • Status udostępniania
    • miesięczne
952 -Egzemplarz [ , ]
    • a
    • Numer inwentarzowy
    • Tc.2489
    • c
    • Sygnatura
    • Tc.3/466
    • d
    • Lokalizacja
    • T Biblioteka Kampusowa Cukrowa EFZ
    • e
    • Akcesja
    • 07d396/2
    • i
    • Nr tomu wydaw.cg
    • Nr 9 (2007)
    • p
    • Kod kreskowy
    • 2004200024895
    • r
    • Cena
    • 48.00
    • v
    • Data wprowadzenia opisu
    • 2008-04-10
    • w
    • Data inwentaryzacji
    • 2008-10-16
    • y
    • Status udostępniania
    • Nocne
952 -Egzemplarz [ , ]
    • a
    • Numer inwentarzowy
    • Cg.33096
    • c
    • Sygnatura
    • Cg.30237(Pdc)
    • d
    • Lokalizacja
    • BG Dział Udostępniania Biblioteka Główna
    • e
    • Akcesja
    • 07d396/1
    • i
    • Nr tomu wydaw.cg
    • Nr 8 (2007)
    • p
    • Kod kreskowy
    • 2003000330960
    • r
    • Cena
    • 50.00
    • v
    • Data wprowadzenia opisu
    • 2008-04-10
    • w
    • Data inwentaryzacji
    • 2008-10-16
    • y
    • Status udostępniania
    • Tylko na miejscu
952 -Egzemplarz [ , ]
    • a
    • Numer inwentarzowy
    • TM.5931
    • c
    • Sygnatura
    • TM.5931
    • d
    • Lokalizacja
    • T Biblioteka Kampusowa Cukrowa EFZ
    • e
    • Akcesja
    • 08d110a/18
    • i
    • Nr tomu wydaw.cg
    • Nr 8 (2007)
    • p
    • Kod kreskowy
    • 2001300059314
    • r
    • Cena
    • 30.00
    • v
    • Data wprowadzenia opisu
    • 2008-02-25
    • w
    • Data inwentaryzacji
    • 2008-10-13
    • y
    • Status udostępniania
    • miesięczne
952 -Egzemplarz [ , ]
    • a
    • Numer inwentarzowy
    • TM.5937
    • c
    • Sygnatura
    • TM.5937
    • d
    • Lokalizacja
    • T Biblioteka Kampusowa Cukrowa EFZ
    • e
    • Akcesja
    • 08d120a/10
    • i
    • Nr tomu wydaw.cg
    • Nr 8 (2007)
    • p
    • Kod kreskowy
    • 2001300059376
    • r
    • Cena
    • 30.00
    • v
    • Data wprowadzenia opisu
    • 2008-03-03
    • w
    • Data inwentaryzacji
    • 2008-10-14
    • y
    • Status udostępniania
    • miesięczne
952 -Egzemplarz [ , ]
    • a
    • Numer inwentarzowy
    • TM.5938
    • c
    • Sygnatura
    • TM.5938
    • d
    • Lokalizacja
    • T Biblioteka Kampusowa Cukrowa EFZ
    • e
    • Akcesja
    • 08d120a/10
    • i
    • Nr tomu wydaw.cg
    • Nr 8 (2007)
    • p
    • Kod kreskowy
    • 2001300059383
    • r
    • Cena
    • 30.00
    • v
    • Data wprowadzenia opisu
    • 2008-03-03
    • w
    • Data inwentaryzacji
    • 2008-10-14
    • y
    • Status udostępniania
    • miesięczne
952 -Egzemplarz [ , ]
    • a
    • Numer inwentarzowy
    • TM.5940
    • c
    • Sygnatura
    • TM.5940
    • d
    • Lokalizacja
    • T Biblioteka Kampusowa Cukrowa EFZ
    • e
    • Akcesja
    • 08d120a/10
    • i
    • Nr tomu wydaw.cg
    • Nr 8 (2007)
    • p
    • Kod kreskowy
    • 2001300059406
    • r
    • Cena
    • 30.00
    • v
    • Data wprowadzenia opisu
    • 2008-03-03
    • w
    • Data inwentaryzacji
    • 2008-10-14
    • y
    • Status udostępniania
    • miesięczne
952 -Egzemplarz [ , ]
    • a
    • Numer inwentarzowy
    • TM.6428
    • c
    • Sygnatura
    • TM.6428
    • d
    • Lokalizacja
    • T Biblioteka Kampusowa Cukrowa EFZ
    • e
    • Akcesja
    • 08d596/8
    • i
    • Nr tomu wydaw.cg
    • Nr 8 (2007)
    • p
    • Kod kreskowy
    • 2001300064288
    • r
    • Cena
    • 30.00
    • v
    • Data wprowadzenia opisu
    • 2008-10-24
    • w
    • Data inwentaryzacji
    • 2009-02-27
    • y
    • Status udostępniania
    • miesięczne
952 -Egzemplarz [ , ]
    • a
    • Numer inwentarzowy
    • Tc.2488
    • c
    • Sygnatura
    • Tc.3/465
    • d
    • Lokalizacja
    • T Biblioteka Kampusowa Cukrowa EFZ
    • e
    • Akcesja
    • 07d396/1
    • i
    • Nr tomu wydaw.cg
    • Nr 8 (2007)
    • p
    • Kod kreskowy
    • 2004200024888
    • r
    • Cena
    • 50.00
    • v
    • Data wprowadzenia opisu
    • 2008-04-10
    • w
    • Data inwentaryzacji
    • 2008-10-16
    • y
    • Status udostępniania
    • Nocne
952 -Egzemplarz [ , ]
    • a
    • Numer inwentarzowy
    • Ec.51710
    • c
    • Sygnatura
    • Ec.49775
    • d
    • Lokalizacja
    • BE Biblioteka Ekonomiczna
    • e
    • Akcesja
    • 06d505/1
    • i
    • Nr tomu wydaw.cg
    • Nr 7 (2006)
    • p
    • Kod kreskowy
    • 2003200517109
    • r
    • Cena
    • 30.0
    • w
    • Data inwentaryzacji
    • 2006-07-10
    • y
    • Status udostępniania
    • Tylko na miejscu
952 -Egzemplarz [ , ]
    • a
    • Numer inwentarzowy
    • Cg.32221
    • c
    • Sygnatura
    • Cg.30237
    • d
    • Lokalizacja
    • BG Dział Udostępniania Biblioteka Główna
    • e
    • Akcesja
    • 06d505/1
    • i
    • Nr tomu wydaw.cg
    • Nr 7 (2006)
    • p
    • Kod kreskowy
    • 2003000322217
    • r
    • Cena
    • 30.0
    • w
    • Data inwentaryzacji
    • 2006-06-28
    • y
    • Status udostępniania
    • Tylko na miejscu
952 -Egzemplarz [ , ]
    • a
    • Numer inwentarzowy
    • TM.5930
    • d
    • Lokalizacja
    • T Biblioteka Kampusowa Cukrowa EFZ
    • e
    • Akcesja
    • 08d110a/17
    • i
    • Nr tomu wydaw.cg
    • Nr 7 (2006)
    • p
    • Kod kreskowy
    • 2001300059307
    • r
    • Cena
    • 30.00
    • v
    • Data wprowadzenia opisu
    • 2008-02-25
    • w
    • Data inwentaryzacji
    • 2008-10-13
    • y
    • Status udostępniania
    • Zaginiona
952 -Egzemplarz [ , ]
    • a
    • Numer inwentarzowy
    • TM.15507
    • c
    • Sygnatura
    • TM.15507
    • d
    • Lokalizacja
    • T Biblioteka Kampusowa Cukrowa EFZ
    • e
    • Akcesja
    • 21d053/12
    • i
    • Nr tomu wydaw.cg
    • Nr 7 (2006)
    • p
    • Kod kreskowy
    • 2001300155078
    • r
    • Cena
    • 20.00
    • v
    • Data wprowadzenia opisu
    • 2021-04-27
    • w
    • Data inwentaryzacji
    • 2021-07-23
    • y
    • Status udostępniania
    • miesięczne
952 -Egzemplarz [ , ]
    • a
    • Numer inwentarzowy
    • Tc.2100
    • c
    • Sygnatura
    • Tc.3/429
    • d
    • Lokalizacja
    • T Biblioteka Kampusowa Cukrowa EFZ
    • e
    • Akcesja
    • 06d505/1
    • i
    • Nr tomu wydaw.cg
    • Nr 7 (2006)
    • p
    • Kod kreskowy
    • 2004200021009
    • r
    • Cena
    • 30.0
    • w
    • Data inwentaryzacji
    • 2006-06-28
    • y
    • Status udostępniania
    • Nocne
952 -Egzemplarz [ , ]
    • a
    • Numer inwentarzowy
    • Cg.32638
    • c
    • Sygnatura
    • Cg.30237
    • d
    • Lokalizacja
    • BG Dział Udostępniania Biblioteka Główna
    • i
    • Nr tomu wydaw.cg
    • Nr 6 (2006)
    • p
    • Kod kreskowy
    • 2003000326383
    • r
    • Cena
    • 0.00
    • y
    • Status udostępniania
    • Tylko na miejscu
952 -Egzemplarz [ , ]
    • a
    • Numer inwentarzowy
    • Cg.33707
    • c
    • Sygnatura
    • Cg.30237
    • d
    • Lokalizacja
    • BG Dział Udostępniania Biblioteka Główna
    • i
    • Nr tomu wydaw.cg
    • Nr 10 (2008)
    • p
    • Kod kreskowy
    • 2003000337075
    • r
    • Cena
    • 0.00
    • y
    • Status udostępniania
    • Tylko na miejscu
952 -Egzemplarz [ , ]
    • a
    • Numer inwentarzowy
    • Cg.34327
    • c
    • Sygnatura
    • Cg.30237
    • d
    • Lokalizacja
    • BG Dział Udostępniania Biblioteka Główna
    • i
    • Nr tomu wydaw.cg
    • Nr 11 (2009)
    • p
    • Kod kreskowy
    • 2003000343274
    • r
    • Cena
    • 0.00
    • y
    • Status udostępniania
    • Tylko na miejscu
952 -Egzemplarz [ , ]
    • a
    • Numer inwentarzowy
    • Cg.34328
    • c
    • Sygnatura
    • Cg.30237
    • d
    • Lokalizacja
    • BG Dział Udostępniania Biblioteka Główna
    • i
    • Nr tomu wydaw.cg
    • Nr 13 (2010)
    • p
    • Kod kreskowy
    • 2003000343281
    • r
    • Cena
    • 0.00
    • y
    • Status udostępniania
    • Tylko na miejscu
952 -Egzemplarz [ , ]
    • a
    • Numer inwentarzowy
    • Cg.34624
    • c
    • Sygnatura
    • Cg.30237
    • d
    • Lokalizacja
    • BG Dział Udostępniania Biblioteka Główna
    • i
    • Nr tomu wydaw.cg
    • Nr 16 (2011)
    • p
    • Kod kreskowy
    • 2003000346244
    • r
    • Cena
    • 0.00
    • y
    • Status udostępniania
    • Tylko na miejscu
952 -Egzemplarz [ , ]
    • a
    • Numer inwentarzowy
    • Cg.35768
    • c
    • Sygnatura
    • Cg.30237
    • d
    • Lokalizacja
    • BG Dział Udostępniania Biblioteka Główna
    • i
    • Nr tomu wydaw.cg
    • Nr 1-2 ; 17-18 (2012)
    • p
    • Kod kreskowy
    • 2003000357684
    • r
    • Cena
    • 0.00
    • y
    • Status udostępniania
    • Tylko na miejscu
952 -Egzemplarz [ , ]
    • a
    • Numer inwentarzowy
    • Cg.34660
    • c
    • Sygnatura
    • Cg.30237
    • d
    • Lokalizacja
    • BG Dział Udostępniania Biblioteka Główna
    • i
    • Nr tomu wydaw.cg
    • Nr 3-4 ; 19-20 (2012)
    • p
    • Kod kreskowy
    • 2003000346602
    • r
    • Cena
    • 0.00
    • v
    • Data wprowadzenia opisu
    • 2025-03-25
    • y
    • Status udostępniania
    • Tylko na miejscu
952 -Egzemplarz [ , ]
    • a
    • Numer inwentarzowy
    • Cg.35770
    • c
    • Sygnatura
    • Cg.30237
    • d
    • Lokalizacja
    • BG Dział Udostępniania Biblioteka Główna
    • i
    • Nr tomu wydaw.cg
    • Nr 3-4 ; 23-24 (2013)
    • p
    • Kod kreskowy
    • 2003000357707
    • r
    • Cena
    • 0.00
    • v
    • Data wprowadzenia opisu
    • 2025-03-25
    • y
    • Status udostępniania
    • Tylko na miejscu
952 -Egzemplarz [ , ]
    • a
    • Numer inwentarzowy
    • Cg.36364
    • c
    • Sygnatura
    • Cg.30237
    • d
    • Lokalizacja
    • BG Dział Udostępniania Biblioteka Główna
    • i
    • Nr tomu wydaw.cg
    • Nr 1-2 ; 25-26 (2014)
    • p
    • Kod kreskowy
    • 2003000363647
    • r
    • Cena
    • 0.00
    • y
    • Status udostępniania
    • Tylko na miejscu
952 -Egzemplarz [ , ]
    • a
    • Numer inwentarzowy
    • Cg.36365
    • c
    • Sygnatura
    • Cg.30237
    • d
    • Lokalizacja
    • BG Dział Udostępniania Biblioteka Główna
    • i
    • Nr tomu wydaw.cg
    • Nr 3-4 ; 27-28 (2014)
    • p
    • Kod kreskowy
    • 2003000363654
    • r
    • Cena
    • 0.00
    • v
    • Data wprowadzenia opisu
    • 2025-03-25
    • y
    • Status udostępniania
    • Tylko na miejscu
952 -Egzemplarz [ , ]
    • a
    • Numer inwentarzowy
    • Cg.35769
    • c
    • Sygnatura
    • Cg.30237(Pdc)
    • d
    • Lokalizacja
    • BG Dział Udostępniania Biblioteka Główna
    • h
    • Uwagi
    • Tytuł dotyczy nr 1
    • i
    • Nr tomu wydaw.cg
    • Nr 1-2; 21-22 (2013)
    • p
    • Kod kreskowy
    • 2003000357691
    • r
    • Cena
    • 0.00
    • v
    • Data wprowadzenia opisu
    • 2014-02-25
    • y
    • Status udostępniania
    • Tylko na miejscu
Uwagi dla czytelnika
Instruments, strategies and challenges for bringing congresses and events to second-tier cities
Instruments, strategies and challenges for bringing congresses and events to second-tier cities
Potential of tourism
Potential of tourism
Potential of tourism
Potential of tourism
Potential of tourism
Potential of tourism
Współczesne problemy funkcjonowania gospodarki turystycznej
Współczesne problemy funkcjonowania gospodarki turystycznej
Współczesne problemy funkcjonowania gospodarki turystycznej
Współczesne problemy funkcjonowania gospodarki turystycznej
Elementy zagospodarowania turystycznego
Elementy zagospodarowania turystycznego
Elementy zagospodarowania turystycznego
Elementy zagospodarowania turystycznego
Elementy zagospodarowania turystycznego
Elementy zagospodarowania turystycznego
Elementy zagospodarowania turystycznego
Elementy zagospodarowania turystycznego
Elementy zagospodarowania turystycznego
Polityka regionalna zagospodarowania turystycznego
Polityka regionalna zagospodarowania turystycznego
Polityka regionalna zagospodarowania turystycznego
Polityka regionalna zagospodarowania turystycznego
Polityka regionalna zagospodarowania turystycznego
Polityka regionalna zagospodarowania turystycznego
Polityka regionalna zagospodarowania turystycznego
Informacja turystyczna
Informacja turystyczna
Informacja turystyczna
Informacja turystyczna
Informacja turystyczna
Środki unijne w gospodarce turystycznej